| 000 | 00518nam a2200169 i 4500 | ||
|---|---|---|---|
| 001 | 47170 | ||
| 003 | ES-MaACL | ||
| 005 | 20250826062848.0 | ||
| 007 | t| | ||
| 008 | 030404q19001999sp ||||1| spa d | ||
| 245 | 0 | 0 |
_aConsultorio _b: legislativo, laboral del trabajo : Ley de Contrato de Trabajo. |
| 260 |
_a[S.l. : _bs.n., _c19--?] |
||
| 300 |
_a44 p. ; _c29 cm. |
||
| 650 | 7 |
_aContratos de trabajo- _xDerecho y legislación _zEspaña _2 _9169527 |
|
| 852 |
_aES-MaACL _j1965-F-10 _bR.37163 |
||
| 999 |
_c47170 _d47170 |
||